书目信息 |
| 题名: |
切花栽培与保鲜及插花艺术
|
|
| 作者: | 金波 , 秦魁杰 编著 | |
| 分册: | ||
| 出版信息: | 北京 中国林业出版社 1999.11 |
|
| 页数: | 164页 | |
| 开本: | 19cm | |
| 丛书名: | ||
| 单 册: | ||
| 中图分类: | S68 | |
| 科图分类: | ||
| 主题词: | 观赏园艺 , 花卉 , 园林树木 | |
| 电子资源: | ||
| ISBN: | 7-5038-1441-1 | |
| 000 | 00667nam0 2200229 45 | |
| 001 | 0257553874 | |
| 005 | 2002041015591312 | |
| 010 | @a7-5038-1441-1@dRMB 9.80 | |
| 100 | @a20020410d1999 km y0chiy0120 ea | |
| 101 | 0 | @achi |
| 102 | @aCN@b110000 | |
| 200 | 1 | @a切花栽培与保鲜及插花艺术@AQie Hua Zai Pei Yu Bao Xian Ji Cha Hua Yi Shu@f金波,秦魁杰编著@FJin Bo,Qin Kui Jie Bian Zhu |
| 210 | @a北京@c中国林业出版社@d1999.11 | |
| 215 | @a164页@d19cm | |
| 606 | 0 | @a观赏园艺 |
| 606 | 0 | @a花卉 |
| 606 | 0 | @a园林树木 |
| 690 | @aS68@v3 | |
| 701 | 0 | @a金波@AJin Bo@4编著 |
| 701 | 0 | @a秦魁杰@AQin Kui Jie@4编著 |
| 801 | 0 | @aCN@bPFT@c20020410 |
| 905 | @a安徽大学@dS68@eJ756 | |
| 切花栽培与保鲜及插花艺术/金波,秦魁杰编著.-北京:中国林业出版社,1999.11 |
| 164页;19cm |
| ISBN 7-5038-1441-1:RMB 9.80 |
| ● |
| 相关链接 |
|
|
|
正题名:切花栽培与保鲜及插花艺术
索取号:S68/J756
 
预约/预借
| 序号 | 登录号 | 条形码 | 馆藏地/架位号 | 状态 | 备注 |
| 1 | 355759 | 203557597 | 自科二线504/504自科库 19排2列1层/ [索取号:S68/J756] | 在馆 | |
| 2 | 355760 | 203557604 | 自科库401/504自科库 19排2列1层/ [索取号:S68/J756] | 在馆 |